Vista normal
Vista MARC
Entrada Personal Name
Número de registros utilizados en: 5
001 - CONTROL NUMBER
- control field: 7592
003 - CONTROL NUMBER IDENTIFIER
- control field: OSt
005 - DATE AND TIME OF LATEST TRANSACTION
- control field: 20200721200243.0
008 - FIXED-LENGTH DATA ELEMENTS
- fixed length control field: 200721|| aca||aabn | a|a d
040 ## - CATALOGING SOURCE
- Original cataloging agency: OSt
- Transcribing agency: OSt
100 ## - HEADING--PERSONAL NAME
- Personal name: Urrutia, Miguel
670 ## - SOURCE DATA FOUND
- Source citation: Work cat.: (OSt)5423: Robinson, James, editor 7590, Economía colombiana del siglo XX : , 2007